000 00791cam a22002773a 4500
001 31873
003 PGUSA
005 20140828083705.0
008 100403s2010||||xxu|||||s|||||000 1 eng d
040 _aPGUSA
_beng
042 _adc
050 4 _aPT
100 1 _aNovalis,
_d1772-1801
245 1 0 _aHenry of Ofterdingen :
_bA Romance.
_h[electronic resource] /
_cNovalis
260 _bProject Gutenberg,
_c2010
506 _aPublic domain in the USA.
516 _aElectronic text
653 _aGermany -- Fiction
653 _aBildungsromans
653 _aPoets, German -- Fiction
700 1 _aTieck, Ludwig,
_d1773-1853
700 1 _aSchlegel, Friedrich von,
_d1772-1829
830 0 _aProject Gutenberg
_v31873
856 4 0 _uhttp://www.gutenberg.org/ebooks/31873
942 _cEB
999 _c261128
_d261128